عرض عادي
عرض مارك
- Generative grammar.
مدخل مصطلح موضوعي
001 - رقم الضبط
- حقل الضبط: 89513
003 - معرف رقم الضبط
- حقل الضبط: OSt
005 - تاريخ ووقت أخر عملية
- حقل الضبط: 20220314161434.0
008 - عناصر بيانات ثابتة الطول
- حقل تحكم ثابت الطول: 220314|| aca||aabn | a|a d
040 ## - مصدر الفهرسة
- هيئة الفهرسة الأصلية: OSt
- وكالة الكتابة: OSt
150 ## - مدخل-- مصطلح تاريخي
- عنصر مدخل المصطلح الموضوعي او الاسم الجغرافي: Generative grammar.
670 ## - بيانات المصدر موجوده
- الاستشهاد بالمصدر: Work cat.: (OSt)0: Harris, Zellig S. (Zellig Sabbettai), 1909-1992. 89511, Papers in structural and transformational linguistics., [1970]
